| 000 | 00669nam a22002297i 4500 | ||
|---|---|---|---|
| 003 | URS | ||
| 336 |
_atext _btxt _2rdacontent |
||
| 337 |
_aunmediated _bn _2rdamedia |
||
| 338 |
_avolume _bnc _2rdacarrier |
||
| 005 | 20220117094650.0 | ||
| 008 | 181205b ||||| |||| 00| 0 eng d | ||
| 020 | _a9781631895791 | ||
| 040 |
_beng _erda _cURS |
||
| 050 | 0 | 0 |
_aHD 171.5 _bK3201 2016 |
| 245 | 1 | 0 |
_aBasic Macroeconomics / _cThomas Kemp |
| 250 | _a1st Edition | ||
| 264 | 1 |
_aUnited States of America: _bBassim Hamadeh, CEO Publisher _c[2016] |
|
| 264 | 4 | _c©2016 | |
| 300 |
_a263 pages _billustrations _c23 cm |
||
| 500 | _aincludes references and index | ||
| 942 |
_2lcc _cFR |
||
| 999 |
_c11612 _d11612 |
||